Ο Αϊνστάιν και η σχετικότητα : ιστορικές μελέτες

Αποθηκεύτηκε σε:
Λεπτομέρειες βιβλιογραφικής εγγραφής
Άλλοι συγγραφείς: Αραμπατζής, Θεόδωρος (Επιμελητής έκδοσης), Γαβρόγλου, Κώστας (Επιμελητής έκδοσης)
Μορφή: Βιβλίο
Γλώσσα:Greek
Δημοσίευση: Ηράκλειο : Πανεπιστημιακές Εκδόσεις Κρήτης, 2006.
Σειρά:Ιστορία της επιστήμης (Πανεπιστημιακές Εκδόσεις Κρήτης)
Θέματα:
Ετικέτες: Προσθήκη ετικέτας
Δεν υπάρχουν, Καταχωρήστε ετικέτα πρώτοι!

MARC

LEADER 00000cam a2200000 i 4500
001 1/86227
008 080523s2006 gr | ||| |||| ||gre||
020 |a 960524215X 
035 |l 10097609 
040 |a GR-MyUa  |b gre  |e AACR2 
041 0 |a gre 
082 7 |a 530.11   |2 (22) 
245 0 2 |a Ο Αϊνστάιν και η σχετικότητα :   |b ιστορικές μελέτες /   |c επιμέλεια: Θόδωρος Αραμπατζής, Κώστας Γαβρόγλου.  
260 |a Ηράκλειο :   |b Πανεπιστημιακές Εκδόσεις Κρήτης,   |c 2006.  
300 |a xlix, 319 σ. :   |b εικ. ;   |c 25 εκ. 
490 1 |a (Ιστορία της επιστήμης / Πανεπιστημιακές Εκδόσεις Κρήτης) 
504 |a Περιέχει βιβλιογραφικές αναφορές.  
600 1 0 |a Einstein, Albert,   |d 1879-1955. 
650 0 0 |a Relativity (Physics) 
700 1 |a Αραμπατζής, Θεόδωρος,  |e edt 
700 1 |a Γαβρόγλου, Κώστας,  |e edt 
830 0 |a Ιστορία της επιστήμης (Πανεπιστημιακές Εκδόσεις Κρήτης) 
852 |a INST  |b SAMOS  |e 20080523  |h 530.11 ΑΙΝ  |p 005300030358  |q 005300030358  |t BK  |y 0 
852 |a INST  |b SYROS  |e 20221101  |h 530.11 ΑΙΝ  |p 005500015579  |q 005500015579  |t BK  |y 0 
901 |a BIBL3-2008-2 
922 |a 3ΕΛΗ  |b 200802  |c ΕΠΕΑΕΚ2/ΤΜΗΜΑ ΜΑΘΗΜΑΤΙΚΩΝ  |d ΠΑΤΑΚΗΣ 
970 |a ΡΟΥΣΣΟΥ  |b ΚΩΝΣΤΑΝΤΙΝΑ  |z 2008/05/23